000 00356nam a2200145Ia 4500
008 230917s9999||||xx |||||||||||||| ||und||
040 _e14301
_aMAIN
041 _aEnglish
082 _a330.122 B791M
100 _aBroome, John
245 0 _aMicroeconomics of capitalism
260 _aLondon
_bAcademic Press
_c1983
300 _axvi, 236 p.
942 _cBK
999 _c44058
_d44058